000 02071nam a2200433 c 4500
999 _c90333
_d90333
003 BLK
005 20200612102557.0
008 180408b bul|||||r ||||||| ||bul||
010 _aKNG00095075000
020 _a954-9574-69-5
040 _aBLK
041 _aBUL
_cBUL
080 _aИнтернет. Изчислителни системи. Мултиизчислителни комплекси и многомашинни мрежи
_b004.738.5
_x(035)
_z004.738.5(035)
080 _aМашинна графика
_b681.327:003.6
_x(035)
_z681.327:003.6(035)
100 1 _aДейвис, Джак
_eпърви автор
_9303946
139 _aДейвис, Джак и др.
_bД 34
245 1 0 _a[Уеб] Web дизайн
_bНад 600 цв. примера за вдъхновяващи интерфейс решения
_cДжак Дейвис; съавт. Сюзън Мерит; ред. Линеа Дейтън.
257 _aUSA
260 _bТракия-М
_c2001
300 _a216 с.
_bс ил.
_c22Х28 см
_eCD
380 _a0
500 _aОриг. загл. The WEB Design Wow! Book / Jack Davis and Susan Merritt. - Съдържа и за авт. - Индексен указател. - Прил. със същото загл. и сигн. CD 2482.
650 4 _aИнтернет - наръчници и ръководства
_9257284
650 4 _aМашинна графика - наръчници и ръководства
_9244369
650 4 _aКомпютърна графика
_9270631
653 _aweb-дизайн
653 _aмашинна графика
653 _aуеб дизайн
653 _aИнтернет
653 _aкомпютърна графика
653 _aнаръчници
700 1 _aМерит, Сюзън
_eсъавт.
_9303947
700 1 _aДейтън, Линеа
_eред.
_9303948
852 _aЦб 247456
856 4 _qpdf
856 4 _qpdf
942 _cKNG
_n0
_02
_s1
944 _aCR
_c31.03.2010
_lф /
_kЛюдмила_Стоянова
944 _aED
_c22.04.2016
_lф /
_kЛюдмила_Стоянова
999 _d90333